00485nam a2200193 a 4500001001300000003000900013005001700022008004100039020001000080082001500090100001900105245003400124260003700158300000900195500003500204505001000239650002300249700001900272nice12345678IN_TiNIC20260116012059.0050524s1921 lona grp 000 0 eng  ac10000a225.9bMOF aMoffatt, James aApproach to the New Testament aLondonbHodder & Stoughtonc1921 a240p aincludes index and biblioraphy2 aIndex aBible N.T. History1 aMoffatt, James